Lovy opředené vzpomínkami /

Další z mnoha vzpomínkových knih zkušeného lesníka a autora přírodních próz.

Hlavní autor: Bouzek, Ota, 1949-
Další autoři: Pecháček, Jiří, 1941-
Jazyk: Čeština
Vydáno: Třebíč : Akcent, Drahomír Rybníček, 2022
Vydání: Vydání první
Témata:
Fyzický popis: 188 stran : ilustrace ; 22 cm
Knihy
Uloženo v:
LEADER 03091cam a2200613 i 4500
001 nkc20223457194
003 CZ PrNK
005 20221129080622.0
007 ta
008 221014s2022 xr a g 000 jacze d
015 |a cnb003457194 
020 |a 978-80-7497-388-8  |q (vázáno)  |z 978-80-7497-389-5 
035 |a (OCoLC)1354196806 
040 |a CBA001  |b cze  |d ABG001  |d ABA001  |e rda 
043 |a e-xr--- 
045 |a x4y2 
072 7 |a 639.1  |x Myslivost  |2 Konspekt  |9 24 
072 7 |a 929  |x Biografie  |2 Konspekt  |9 8 
080 |a 639.1-051  |2 MRF 
080 |a 639.1  |2 MRF 
080 |a 639.1.081  |2 MRF 
080 |a 929  |2 MRF 
080 |a (437.3)  |2 MRF 
080 |a (0:82-32)  |2 MRF 
080 |a (0:82-94)  |2 MRF 
100 1 |a Bouzek, Ota,  |d 1949-  |7 xx0000052  |4 aut 
245 1 0 |a Lovy opředené vzpomínkami /  |c Ota Bouzek ; fotografie Jiří Pecháček 
250 |a Vydání první 
264 1 |a Třebíč :  |b Akcent, Drahomír Rybníček,  |c 2022 
300 |a 188 stran :  |b ilustrace ;  |c 22 cm 
336 |a text  |b txt  |2 rdacontent 
337 |a bez média  |b n  |2 rdamedia 
338 |a svazek  |b nc  |2 rdacarrier 
520 2 |a Další z mnoha vzpomínkových knih zkušeného lesníka a autora přírodních próz.  |b Byl jsem lesníkem, celý život sloužil v Jeseníkách a mým velkým koníčkem byla myslivost. Jako vedoucí polesí, hlavní inženýr a ředitel lesního závodu, stejně jako ředitel divize lesní výroby v akciové společnosti jsem měl k výkonu práva myslivosti vždycky velmi blízko. Hrdě jsem se hlásil k těm, kteří měli zelenou krev stejně jako já. Chodil jsem za různou zvěří sám anebo v daném času doprovázel na lovech pozvané lovecké hosty. Většinu dnů z mého žití jsem pracovně, ale i s myslivostí strávil uprostřed Jeseníků nedaleko pod Pradědem. V hlubokých lesích jsem prožil podstatný kus života, za což jsem svému osudu mnohokrát poděkoval. Roky uběhly jako rychlé vody v bystřině a já si do téhle knihy dovolil vybrat a sepsat několik loveckých příběhů i něco z mého, jistě nepromarněného lesáckého života. Nakladatelská anotace. Kráceno. 
600 1 7 |a Bouzek, Ota,  |d 1949-  |7 xx0000052  |2 czenas 
648 7 |a 20.-21. století  |7 ch462155  |2 czenas 
648 4 |a 1949-2022 
650 0 7 |a myslivci  |7 ph123073  |z Česko  |y 20.-21. století  |2 czenas 
650 0 7 |a myslivost  |7 ph115386  |z Česko  |2 czenas 
650 0 7 |a lovectví  |7 ph115182  |z Česko  |2 czenas 
650 0 9 |a hunters  |z Czechia  |y 20th-21st centuries  |2 eczenas 
650 0 9 |a game management  |z Czechia  |2 eczenas 
650 0 9 |a hunting  |z Czechia  |2 eczenas 
655 7 |a příběhy  |7 fd133204  |2 czenas 
655 7 |a autobiografické vzpomínky  |7 fd131854  |2 czenas 
655 9 |a stories  |2 eczenas 
655 9 |a autobiographical reminiscences  |2 eczenas 
700 1 |a Pecháček, Jiří,  |d 1941-  |7 jn20010309241  |4 pht 
910 2 |a BOA001  |b 2-1495.434 
920 |a 4673159  |z ABG001 
990 |a BK 
995 |a 01 
991 |b 202210  |c NOV 
996 6 |b 2610919164  |c 2-1495.434  |l MZK  |r Sklad / do 1 hodiny  |n 0  |p p.v.  |w 001903260  |u 000010  |a 1  |e BOA001  |j MZK50  |s P